| Tag |
First Indicator |
Second Indicator |
Subfields |
| LEADER |
00000cam a2200000Ma 4500 |
| 001 |
in00003545372 |
| 006 |
m o d |
| 007 |
cr nn||||||||| |
| 008 |
121227s1989 ne o 000 0 eng d |
| 005 |
20260421170142.0 |
| 020 |
|
|
|a 9789400911239 (electronic bk.)
|
| 020 |
|
|
|a 9400911238 (electronic bk.)
|
| 035 |
|
|
|a (OCoLC)840304398
|
| 040 |
|
|
|a I9W
|b eng
|e pn
|c I9W
|d OCLCQ
|d UV0
|d OCLCO
|d GW5XE
|d OCLCF
|d UtOrBLW
|
| 049 |
|
|
|a TXAM
|
| 050 |
|
4 |
|a TA404.6
|
| 082 |
0 |
4 |
|a 620.11
|2 23
|
| 100 |
1 |
|
|a Bunsell, A. R.
|
| 245 |
1 |
0 |
|a Developments in the Science and Technology of Composite Materials :
|b ECCM3 Third European Conference on Composite Materials 20.23 March 1989 Bordeaux-France /
|c edited by A.R. Bunsell, P. Lamicq, A. Massiah.
|
| 264 |
|
1 |
|a Dordrecht :
|b Springer Netherlands,
|c 1989.
|
| 300 |
|
|
|a 1 online resource (836 pages)
|
| 336 |
|
|
|a text
|b txt
|2 rdacontent
|
| 337 |
|
|
|a computer
|b c
|2 rdamedia
|
| 338 |
|
|
|a online resource
|b cr
|2 rdacarrier
|
| 500 |
|
|
|a Electronic resource.
|
| 650 |
|
0 |
|a Surfaces (Physics)
|
| 650 |
|
7 |
|a Surfaces (Physics)
|2 fast
|0 (OCoLC)fst01139265
|
| 655 |
|
7 |
|a Electronic books.
|2 local
|
| 700 |
1 |
|
|a Lamicq, P.
|
| 700 |
1 |
|
|a Massiah, A.
|
| 710 |
2 |
|
|a SpringerLink (Online service)
|
| 856 |
4 |
0 |
|u http://proxy.library.tamu.edu/login?url=https://link.springer.com/10.1007/978-94-009-1123-9
|z Connect to the full text of this electronic book
|t 0
|
| 994 |
|
|
|a 92
|b TXA
|
| 999 |
|
|
|a MARS
|
| 999 |
f |
f |
|s 861d893b-3dc6-3905-9cf4-291bfb81d82b
|i 68c5ee7f-e95b-3fd9-9a65-f6f7514bb695
|t 0
|
| 952 |
f |
f |
|a Texas A&M University
|b College Station
|c Electronic Resources
|s www_evans
|d Available Online
|t 0
|e TA404.6
|h Library of Congress classification
|
| 998 |
f |
f |
|a TA404.6
|t 0
|l Available Online
|